| 000 | 00639nam a2200217 a 4500 | ||
|---|---|---|---|
| 999 |
_c2947 _d2947 |
||
| 001 | 2947 | ||
| 003 | BD-JhCC | ||
| 005 | 20180304102406.0 | ||
| 008 | 171108s1967 bg |||| ||a| 000 0 ben d | ||
| 035 | _a(BD-JhCC)2947 | ||
| 040 |
_aBD-JhCC _dBD-JhCC |
||
| 041 | _aben | ||
| 082 |
_a891.443 _bWAI 1967 |
||
| 100 | _aওয়াইল্ডার, থর্নটন | ||
| 245 |
_aচার আধ্যায় / _cথর্নটন ওয়াইল্ডার, এম আহমেদ, (অনু) |
||
| 300 |
_a271 p. : _c22 cm. |
||
| 650 | _aNovel | ||
| 700 | _aআহমেদ, এম | ||
| 942 |
_2ddc _cBK |
||